[Event "TUR-chT 2nd League"]
[Site "Konya"]
[Date "2017.07.21"]
[Round "7.16"]
[White "Gok, Ozan Berkay"]
[Black "Tahan, Umut Utku"]
[Result "1-0"]
[WhiteElo "1708"]
[BlackElo "1685"]
[PlyCount "117"]
[EventDate "2017.07.17"]
[EventType "team-swiss"]
[EventRounds "9"]
[EventCountry "TUR"]
[SourceTitle "CBM 179 Extra"]
[Source "ChessBase"]
[SourceDate "2017.08.23"]
[SourceVersion "1"]
[SourceVersionDate "2017.08.23"]
[SourceQuality "1"]
[WhiteTeam "Adamlari Amator"]
[BlackTeam "Antalya Deniz Genclik"]
[WhiteTeamCountry "TUR"]
[BlackTeamCountry "TUR"]

1. d4 Nf6 2. Nf3 e6 3. Nbd2 d5 4. e3 Bd6 5. Bd3 Nbd7 6. 0-0 0-0 7. c4 c6 8. cxd5 Nxd5 9. a3 c5 10. Ne4 Be7 11. Nxc5 Qc7 12. Nxd7 Bxd7 13. Bd2 Bd6 14. Rc1 Qb8 15. Qb3 b5 16. Bb1 a5 17. e4 Nf4 18. Qd1 Ng6 19. e5 Be7 20. h4 b4 21. axb4 Bxb4 22. h5 Ne7 23. Bxb4 Qxb4 24. Qc2 g6 25. hxg6 fxg6 26. Qc5 Bc6 27. Qxb4 axb4 28. Ng5 Bd5 29. Rc7 Nf5 30. Nxh7 Rf7 31. Nf6+ Kg7 32. Rxf7+ Kxf7 33. Bxf5 gxf5 34. Nxd5 exd5 35. Rd1 Ra2 36. Rd2 Ra1+ 37. Kh2 Rb1 38. Kg3 Ke6 39. Kf3 Ke7 40. g3 Re1 41. Kf4 Ke6 42. f3 Rb1 43. Rc2 b3 44. Rd2 Rc1 45. Rd3 Rc4 46. Ke3 Rb4 47. Rc3 Rb6 48. Rc5 Rb4 49. Kd3 Rb7 50. Rc6+ Ke7 51. Rf6 Rc7 52. Rxf5 Rc2 53. g4 Rxb2 54. Kc3 Rb1 55. Rf4 b2 56. Kc2 Rh1 57. Kxb2 Rh2+ 58. Kc3 Rh1 59. Kb4 1-0

[Event "TUR-ch"]
[Site "Kemer"]
[Date "2011.02.13"]
[Round "10"]
[White "Tahan, Umut Utku"]
[Black "Burcu, Cagatay"]
[Result "0-1"]
[WhiteElo "1720"]
[BlackElo "1887"]
[PlyCount "38"]
[EventDate "2011.02.05"]
[EventType "swiss"]
[EventRounds "10"]
[EventCountry "TUR"]
[SourceTitle "CBM 140 Extra"]
[Source "ChessBase"]
[SourceDate "2011.03.01"]
[SourceVersion "1"]
[SourceVersionDate "2011.03.01"]
[SourceQuality "1"]

1. e4 e6 2. d4 d5 3. exd5 exd5 4. Nf3 Bd6 5. Bd3 Nc6 6. 0-0 Nge7 7. c3 Bg4 8. Nbd2 Qd7 9. Qc2 f6 10. Re1 g5 11. b4 Kf8 12. b5 Na5 13. c4 dxc4 14. Nxc4 Nxc4 15. Bxc4 Bxf3 16. gxf3 Qh3 17. f4 gxf4 18. Qe4 f3 19. Bf4 Qg2# 0-1

[Event "Antalya op"]
[Site "Antalya"]
[Date "2011.01.15"]
[Round "6"]
[White "Tahan, Umut Utku"]
[Black "Dalgar, Hakki Berat"]
[Result "1-0"]
[WhiteElo "1720"]
[BlackElo "1591"]
[PlyCount "81"]
[EventDate "2011.01.08"]
[EventType "swiss"]
[EventRounds "9"]
[EventCountry "TUR"]
[SourceTitle "EXT 2012"]
[Source "ChessBase"]
[SourceDate "2011.11.24"]
[SourceVersion "1"]
[SourceVersionDate "2011.11.24"]
[SourceQuality "1"]

1. e4 c5 2. Nf3 Nc6 3. d4 cxd4 4. Nxd4 Nf6 5. Nc3 e6 6. Ndb5 a6 7. Nd6+ Bxd6 8. Qxd6 Ne7 9. Be3 Ng6 10. 0-0-0 Qe7 11. Bc5 Ng4 12. Qxe7+ Nxe7 13. f4 b5 14. Be2 Nf6 15. a4 bxa4 16. Bf3 Bb7 17. Rhe1 Rc8 18. Nxa4 Bc6 19. Nb6 Rc7 20. Nc4 Ba4 21. Nd6+ Kf8 22. b4 a5 23. Rd2 axb4 24. Bxb4 Ne8 25. e5 Ra7 26. Nc8 Ra6 27. Bb7 Bb5 28. Bxa6 Bxa6 29. Nxe7 d6 30. exd6 Nxd6 31. Bxd6 Ke8 32. Nd5 Bb7 33. c4 Kd7 34. Nb6+ Kc6 35. c5 h6 36. Nc4 Rg8 37. Ne5+ Kb5 38. Rb2+ Ka6 39. Rb6+ Ka7 40. Re3 Bxg2 41. Ra3# 1-0

[Event "Antalya op"]
[Site "Antalya"]
[Date "2011.01.08"]
[Round "2"]
[White "Arat, Ufuk Sezen"]
[Black "Tahan, Umut Utku"]
[Result "1-0"]
[WhiteElo "2028"]
[BlackElo "1720"]
[PlyCount "83"]
[EventDate "2011.01.08"]
[EventType "swiss"]
[EventRounds "9"]
[EventCountry "TUR"]
[SourceTitle "EXT 2012"]
[Source "ChessBase"]
[SourceDate "2011.11.24"]
[SourceVersion "1"]
[SourceVersionDate "2011.11.24"]
[SourceQuality "1"]

1. e4 e5 2. Nf3 Nc6 3. Bb5 a6 4. Ba4 Nf6 5. 0-0 Be7 6. Re1 b5 7. Bb3 d6 8. c3 0-0 9. h3 Bb7 10. d4 Re8 11. Nbd2 Bf8 12. a4 Qd7 13. d5 Nd8 14. Nf1 h6 15. Ng3 c6 16. Be3 cxd5 17. exd5 Rc8 18. Qd2 Ba8 19. axb5 axb5 20. Ra7 Nb7 21. Bc2 Rb8 22. Rea1 Qd8 23. b4 Nd7 24. R1a6 Rc8 25. Bf5 Qe7 26. Qa2 Qd8 27. Bxd7 Qxd7 28. Rxa8 f5 29. Bd2 e4 30. Nd4 g6 31. Rxc8 Rxc8 32. Ra8 Bg7 33. Nxb5 Rxa8 34. Qxa8+ Kh7 35. c4 Be5 36. Qb8 Nd8 37. Qc7 Qxc7 38. Nxc7 Bd4 39. Ne2 Bb6 40. Nb5 Nb7 41. Bf4 g5 42. Bxd6 1-0